000
00329nam a2200133 a 4500
005
20140513081057.0
008
080110s19uu xx 00 eng d
050
_a
VCD
_b
On58 2003
245
_a
123 Count with me/.
260
_b
Sesame street,
_c
2003.
440
_a
Sesame Street
650
_a
Counting numbers.
999
_c
116614
_d
116614